Statistics for All Aston Villa Managers Ever

Click here to take the quiz!

General Stats

  • This quiz has been taken 31 times
  • The average score is 13 of 32

Answer Stats

HintAnswer% Correct
2018—Dean Smith
100%
1926-1934W. J. Smith
100%
2016-2018Steve Bruce
96%
1987-1990 | 2002-2003Graham Taylor
92%
1964-1967Dick Taylor
85%
2015Tim Sherwood
77%
2011-2012Alex McLeish
69%
1991-1994Ron Atkinson
65%
2016Roberto Di Matteo
58%
2006-2010Martin O'Neill
50%
2010-2011Gérard Houllier
50%
2015-2016Rémi Garde
46%
2003-2006David O'Leary
42%
1974-1982Ron Saunders
38%
2012-2015Paul Lambert
38%
1998-2002John Gregory
35%
1994-1998Brian Little
35%
1982-1984Tony Barton
27%
1990-1991Jozef Vengloš
19%
1984-1986Graham Turner
15%
1884-1926George Ramsay
12%
1968-1970Tommy Docherty
12%
1950-1953George Martin
12%
1958-1964Joe Mercer
8%
1986-1987Billy McNeill
8%
1970-1974Vic Crowe
4%
1967-1968Tommy Cummings
4%
1953-1958Eric Houghton
4%
1945-1950Alex Massie
4%
1936-1939Jimmy Hogan
4%
1934-1936Jimmy McMullan
4%

Score Distribution

Percentile by Number Answered

Percent of People with Each Score

Your Score History

You have not taken this quiz